Interdictos

Uloženo v:
Podrobná bibliografie
Hlavní autor: Miguel y Alonso, Carlos de (autor)
Médium: Kniha
Jazyk:španělština
Vydáno: Barcelona Francisco Seix 1967
Témata:
Tagy: Přidat tag
Žádné tagy, Buďte první, kdo vytvoří štítek k tomuto záznamu!

MARC

LEADER 00000nam a2200000 a 4500
001 UCS1233
003 CL-VaPUC
008 970509e19670000SP |||||||||||||||||spa|d
082 0 4 |a 347.05  |b MIG  |2 21 
100 |a Miguel y Alonso, Carlos de  |e autor  |9 618409 
245 1 0 |a Interdictos 
300 |a 17 p 
942 |c BK 
945 |d 19970509 00:00:00  |a paguirre 
260 |a Barcelona  |b Francisco Seix  |c 1967 
500 |a Trabajo publicado en el tomo XIII de la Nueva Enciclopedia Jurídica 
650 7 |a INTERDICTOS POSESORIOS  |2 CL-VaPUC  |9 384914 
650 0 |a Derecho procesal civil  |9 258071 
650 0 |a Propiedad   |9 255268 
650 0 |a Procedimiento civil  |9 254870 
650 0 |a Bienes  |9 255749 
651 0 |a España  |9 254926 
583 |a last modification  |c 19970509 00:00:00  |k Rodrigo Vera 
999 |c 259333  |d 259331 
952 |0 0  |1 0  |2 ddc  |4 0  |6 347_050000000000000_MIG_1967  |7 0  |8 A  |9 284004  |a BIBDER  |b BIBDER  |d 2019-11-19  |i 184184K  |o 347.05 MIG 1967  |p 184184K  |r 2023-01-25  |w 2019-11-19  |y MX  |k DER